| 000 | 00686nam a22002057a 4500 | ||
|---|---|---|---|
| 003 | OSt | ||
| 005 | 20191018162657.0 | ||
| 008 | 161031b xxu||||| |||| 00| 0 eng d | ||
| 020 | _a84-200-0940-7 | ||
| 040 | _cCRI | ||
| 082 | _a 658.15 | ||
| 245 |
_aGuía para la elaboración de un plan de limpieza y desinfección _b: de aplicación en empresas del sector alimentario _cTraducción: Susana Lacuna Omeñaca |
||
| 250 |
_a1a ed. _b1a reimp. |
||
| 260 |
_aZaragoza (España) _bAcribia _c2006 |
||
| 300 |
_a54 p. _bil. _c32 cm. |
||
| 500 | _aÍndice: p. 6 | ||
| 650 | 0 |
_96422 _aPlanificación de empresas |
|
| 700 | 1 |
_940309 _aLacuna Omeñaca, Susana |
|
| 942 |
_2ddc _cBK _hprozim |
||
| 999 |
_c26407 _d26407 |
||